000 00591nam a2200229Ia 4500
008 180523s9999 xx 000 0 und d
020 _a0-07-284212-1
050 _aMAIN HM 1033
050 _b.M94 2004
100 _aMyers, David G.
245 0 _aExploring social psychology /
245 0 _cDavid G. Myers.
250 _a3rd Edition
260 _aNew York :
260 _bMcGraw-Hill,
260 _c2004
300 _a466 pages :
300 _billustrations ;
300 _c23 cm.
500 _aIncludes bibliographical references and index.
650 _aSocial psychology.
999 _c357274
_d357274